banner-ar

مجموعة الموسيقة الالية / (Record no. 33363)

MARC details
000 -الفاتح
حقل البيانات ثابتة الطول 00589nam a2200205Ia 4500
005 - وقت وتاريخ اخر تعامل مع التسجيلة
رقم الضبط 20240530102614.0
008 - عناصر البيانات ثابتة الطول - معلومات عامة
حقل البيانات ثابتة الطول 140319s9999 xx 000 0 ara d
040 ## - مصدر الفهرسة
وكالة الفهرسة الأصلية GCL /
وكالة النسخ GCL
082 04 - رقم تصنيف ديوى العشرى
رقم التصنيف 785 /
رقم المادة هـ م
100 1# - المدخل الرئيسى - إسم شخصى
الإسم الشخصى الهيتمى
245 10 - بيان العنوان
العنوان مجموعة الموسيقة الالية /
بيان المسئوليه,etc الهيتمى
300 ## - الوصف المادى
التعداد 7 جزء :
تفاصيل ماديه اخرى للوعاء ايض ؛
أبعاد الوعاء 30 سم.
650 04 - المدخل الاضافى بالموضوع-مصطلح موضوعى
مصطلح موضوعي المقامات
650 04 - المدخل الاضافى بالموضوع-مصطلح موضوعى
مصطلح موضوعي الموسيقى
650 04 - المدخل الاضافى بالموضوع-مصطلح موضوعى
مصطلح موضوعي تحليل
650 04 - المدخل الاضافى بالموضوع-مصطلح موضوعى
مصطلح موضوعي قوالب
942 ## - عناصر المدخل الإضافي( كوها)
مصدر التصنيف او مخطط الترفيف Dewey Decimal Classification
Koha [default] item type كتاب
260 ## - PUBLICATION, DISTRIBUTION, ETC. (IMPRINT)
-- [S.N] :
-- الجامعة الامريكية بالقاهرة
Holdings
حالة التراجع حالة الفقد مصدر التصنيف او خطة الترفيف حالة تلف ليس للاعارة المكان المؤقت الموقع الحالى تاريخ الاكتساب اجمالي اﻻعارات رقم الطلب الباركود تاريخ اخر مشاهدة تاريخ تفعيل السعر نوع وعاء كوها موقع الترفيف
    ddc     مكتبة القاهرة الكبرى مكتبة القاهرة الكبرى 03/26/2014   785/هـ م 79322 03/26/2014 03/26/2014 كتاب  
    ddc     مكتبة القاهرة الكبرى مكتبة القاهرة الكبرى 03/26/2014   785/هـ م 79323 03/26/2014 03/26/2014 كتاب  
    ddc     مكتبة القاهرة الكبرى مكتبة القاهرة الكبرى 03/13/2019   785 / هـ م 165685 03/13/2019 03/13/2019 كتاب  
    ddc     مكتبة القاهرة الكبرى مكتبة القاهرة الكبرى 03/13/2019   785 / هـ م 165686 03/13/2019 03/13/2019 كتاب  
    ddc     مكتبة القاهرة الكبرى مكتبة القاهرة الكبرى 03/13/2019   785 / هـ م 165687 03/13/2019 03/13/2019 كتاب  
    ddc     مكتبة القاهرة الكبرى مكتبة القاهرة الكبرى 03/13/2019   785 / هـ م 165688 03/13/2019 03/13/2019 كتاب  
    ddc     مكتبة القاهرة الكبرى مكتبة القاهرة الكبرى 03/13/2019   785 / هـ م 165689 03/13/2019 03/13/2019 كتاب  

Powered By

EGPV